000 01530cam a2200133 4500500
005 20260405024831.0
041 _afre
042 _adc
100 1 0 _aGuittet, André
_eauthor
245 0 0 _aL'entretien : Techniques et pratiques
260 _bArmand Colin,
_c2013.
520 _aL’entretien est un outil indispensable de recherche et de traitement de l’information dans nombre de situations sociales. Tout échange interpersonnel s’inscrit dans une tentative pour ajuster des règles relationnelles et donner un sens à la rencontre. À chaque instant dans l’interaction, ce qui est mis en jeu avec plus ou moins de force ce sont les images, les émotions, les idées, les statuts, la sécurité de chacun des deux protagonistes. Saisir les enjeux de l’échange, observer les comportements, ressentir les émotions, les intentions de nos interlocuteurs nous aident à mieux vivre nos relations. Cette 8e édition réactualisée expose les différentes techniques et méthodes à utiliser pour gagner en efficacité. Les processus suivants sont traités : interagir, enquêter, réguler, écouter, influencer, décider, évaluer, négocier, recruter, conseiller, auditer. Au final, l’étudiant en psychologie et/ou en communication, le responsable, le formateur, trouveront ici les concepts, les savoir-faire indispensables pour développer leurs capacités d’observation, d’écoute et d’intervention.
856 4 1 _uhttps://shs.cairn.info/l-entretien--9782200286088?lang=fr&redirect-ssocas=7080
999 _c2141661
_d2141661